000 01174nam a2200301Ia 4500
001 ebr10183329
003 CaPaEBR
006 m u
007 cr cn|||||||||
008 070502s2007 caua sb 001 0 eng d
010 _z 2007018653
020 _z9781593271480
020 _z1593271484
040 _aCaPaEBR
_cCaPaEBR
035 _a(OCoLC)568385429
050 1 4 _aQA76.64
_b.B27 2007eb
100 1 _aBaird, Kevin C.
245 1 0 _aRuby by example
_h[electronic resource] :
_bconcepts and code /
_cby Kevin C. Baird.
260 _aSan Francisco :
_bNo Starch Press,
_cc2007.
300 _axxiii, 281 p. :
_bill.
504 _aIncludes bibliographical references and index.
533 _aElectronic reproduction.
_bPalo Alto, Calif. :
_cebrary,
_d2008.
_nAvailable via World Wide Web.
_nAccess may be limited to ebrary affiliated libraries.
650 0 _aObject-oriented programming (Computer science)
650 0 _aRuby (Computer program language)
655 7 _aElectronic books.
_2local
710 2 _aebrary, Inc.
856 4 0 _uhttp://site.ebrary.com/lib/rucke/Doc?id=10183329
_zAn electronic book accessible through the World Wide Web; click to view
999 _c233273
_d233273